000 00492cam a2200205ua 4500
001 8213
005 20260515114315.0
008 150110n ii |||gr||||Z||||||hin
040 _cMAIN
041 _ahin
082 _a891.434
100 _aSharma, K.,
_eAuthor.
245 1 _aSahityik nibandh
_cBy Krishnadev Sharma
250 _a1st.
260 _aDelhi:
_bRigal,
_c1975.
300 _a560p.
653 _aEast Indo-European & Celtic literatures
653 _aHindi essays
942 _cBK
999 _c7323
_d7323